000 00645nam a22001695i 4500
001 156127
003 ES-MaACL
005 20230906210328.0
008 010919s1879 sp |||| | spa d
040 _aCYL
_bspa
_cCYL
100 1 _aIturralde, Antonio de.
_9128217
245 1 0 _aElementos de matemáticas /
_cpor D. Antonio de Iturralde.
260 _aValladolid :
_bImp., Foto-grabado, Estereo-galvanoplastia y Librería de Gaviria y Zapatero,
_c1879.
300 _av. ;
_c21 cm.
752 _aEspaña -
_dValladolid
852 _aES-MaACL
_jF-5767
_z-- Enc. hol.
_z-- Donativo del Sr. Ortega
_q-- Sólo Algebra (158, [2] p.), falto de port.
999 _c156127
_d156127